MAASAI MARA UNIVERSITY

LIBRARY CATALOGUE

Contact Us: +254 020 2685356/7 or 0774 057787

Box: 861-20500, NAROK, KENYA

Email: info@mmarau.ac.ke

_Lab Manual to Accompany Essentials of Health Information management ,Principles and practices/ Michelle A. Green (Record no. 13052)

MARC details
000 -LEADER
fixed length control field 00525nam a2200157Ia 4500
008 - FIXED-LENGTH DATA ELEMENTS--GENERAL INFORMATION
fixed length control field 151021s9999 xx 000 0 und d
020 ## - INTERNATIONAL STANDARD BOOK NUMBER
International Standard Book Number 766845044
050 ## - LIBRARY OF CONGRESS CALL NUMBER
Classification number RA 976 .G 82 2005
245 ## - TITLE STATEMENT
Title _Lab Manual to Accompany Essentials of Health Information management ,Principles and practices/ Michelle A. Green
260 ## - PUBLICATION, DISTRIBUTION, ETC. (IMPRINT)
Place of publication, distribution, etc. Mexico : Delmar Cengage learning, 2005
300 ## - PHYSICAL DESCRIPTION
Extent x,107 p.
500 ## - GENERAL NOTE
General note Includes index
500 ## - GENERAL NOTE
General note Includes index
650 ## - SUBJECT ADDED ENTRY--TOPICAL TERM
Topical term or geographic name as entry element _Health Information
980 ## - EQUIVALENCE OR CROSS-REFERENCE-SERIES STATEMENT--PERSONAL NAME/TITLE [LOCAL, CANADA]
Personal name ^d20130506 03:20:38^oanne

No items available.

© 2016 Maasai Mara University.